000 00500nam a2200193Ia 4500
999 _c30817
_d30817
003 0100
005 20181004121050.0
008 130303s9999 xx 000 0 und d
040 _cARRUPELIB
050 _aBR1446.D3 1977
245 _aChristianity south of the Zambezi
260 _aGweru
260 _bMambo Press
_c1977-
300 _a2v.
300 _b 23 cm
650 _bJesuits-Bibliography
_942745
650 _cJesuits--Constitutions--Commentaries
_942746
700 _aDachs, Anthony J ; Bourdillon, M.F.C. (ed.)
_942747
942 _2lcc
_cMONOGRAPH